000 00276nam a22001217a 4500
040 _cSY
082 _a630
100 _aនុត​ ចន្ថា
245 _aនីតិកម្មកសិកម្ម
260 _aRUA
_bនុត
_c2008
300 _a30p.
942 _cKB
999 _c9797
_d9797